States that border Colorado - Statistics

General Stats
  • This quiz has been taken 21 times
  • The average score is 6 of 7
Answer Stats
State % Correct
Nebraska
95%
Wyoming
95%
Arizona (Four Corners Monument only)
90%
New Mexico
90%
Utah
90%
Kansas
86%
Oklahoma
81%
No matching quizzes found
Score Distribution
Percent of People with Each Score
Percentile by Number Answered
Your Score History
You have not taken this quiz